• 首页
  • 本馆介绍
  • 公告通知
  • 最新文献
  • 馆藏检索
  • 电子资源
  • 读者导购
  • 参考咨询
  • 我的图书馆
  • 登录
  • 详细信息显示
  • 放入我的书架
  • 预约/预借图书
  • 作者相关作品
  • 分类相关作品
  • 丛书相关作品
  • 出版社相关作品

书目信息

  • 表格格式
  • 工作单格式
  • 卡片格式
题名:
城市更新
    
 
作者: 于今 著
分册:  
出版信息: 北京   国家行政学院出版社  2011.4
页数: 224页
开本: 24cm
丛书名:
单 册:
中图分类: F291
科图分类:
主题词: 城市发展战略
电子资源:
ISBN: 978-7-5150-0058-9
000 00962nam0 2200253 45
001 1356780781
005 20130515092901.79
010    @a978-7-5150-0058-9@dCNY39.00
100    @a20130108d2011 em y0chiy50 ea
101 0  @achi
102    @aCN@b110000
105    @ak z 000yy
106    @ar
200 1  @a城市更新@ACheng Shi Geng Xin@e城市发展中的新里程@ECheng Shi Fa Zhan Zhong De Xin Li Cheng@f于今著@FYu Jin Zhu
210    @a北京@c国家行政学院出版社@d2011.4
215    @a224页@d24cm
300    @a国家重点图书马列主义研究著作出版项目 “科学发展观丛书”阶段性研究成果
330    @a本书共分为六章,主要内容包括:绪论;中外城市更新运动与理论演化;城市更新与城市发展;城市更新的运作模式与支持系统;西方城市更新案例与实证研究等。
517 1  @a城市发展中的新里程@ACheng Shi Fa Zhan Zhong De Xin Li Cheng
606 0  @a城市发展战略
690    @aF291@v5
701  0 @a于今@AYu Jin@4著
801    @aCN@bTANGWEI@c20130108
905    @b0829186-90@dF291@e951@f5
    
    城市更新:城市发展中的新里程/于今著.-北京:国家行政学院出版社,2011.4
    224页;24cm
    国家重点图书马列主义研究著作出版项目 “科学发展观丛书”阶段性研究成果
    
    ISBN 978-7-5150-0058-9:CNY39.00
    本书共分为六章,主要内容包括:绪论;中外城市更新运动与理论演化;城市更新与城市发展;城市更新的运作模式与支持系统;西方城市更新案例与实证研究等。
●
相关链接 在E读中查询图书 在五车中查询图书 在当当中查询图书 在豆瓣中查询图书


正题名:城市更新     索取号:F291/951         预约/预借

序号 登录号 条形码 馆藏地/架位号 状态 备注
1 0829186   208291864   第一样本阅览室/ [索取号:F291/951] 在馆    
2 0829187   208291873   第一借阅区/ [索取号:F291/951] 在馆    
3 0829188   208291882   第一借阅区/ [索取号:F291/951] 在馆    
4 0829189   208291891   第一借阅区/ [索取号:F291/951] 在馆    
5 0829190   208291908   密集书库-资源管理系/ [索取号:F291/951] 在馆    
唐山师范学院图书馆 欢迎您!
大连网信软件有限公司© 版权所有